The Great White /

Bibliographic Details
Main Author: Annixter, Jane, pseud
Other Authors: Annixter, Paul, pseud
Format: Book
Language:English
Published: New York : Holiday House, [1966]

MARC

Tag First Indicator Second Indicator Subfields
LEADER 00000cam a2200000 4500
001 in00000691821
005 20151016050242.0
008 731003s1966 nyu j 00011 eng
010 |a  66008846  
035 |a (OCoLC)00952831 
035 |9 ADA2835AM 
040 |a DLC  |c DLC  |d TXA  |d UtOrBLW 
049 |a TXAM  |c [703907] 
050 0 0 |a PZ7.A587  |b Gr 
100 1 |a Annixter, Jane,  |c pseud. 
245 1 4 |a The Great White /  |c [by] Jane and Paul Annixter. 
264 1 |a New York :  |b Holiday House,  |c [1966] 
300 |a 158 pages ;  |c 22 cm. 
336 |a text  |b txt  |2 rdacontent 
337 |a unmediated  |b n  |2 rdamedia 
338 |a volume  |b nc  |2 rdacarrier 
700 1 |a Annixter, Paul,  |c pseud. 
999 |a MARS 
999 f f |s 2d08d5f8-2416-3921-a11b-b1e8d747117b  |i d975d1b0-38e5-3522-a16c-653952345c99  |t 0 
952 f f |p normal  |a Texas A&M University  |b College Station  |c Sterling C. Evans Library  |d Evans: Library Stacks  |t 0  |e PZ7.A587 Gr  |h Library of Congress classification  |i unmediated -- volume  |m A14804342875 
998 f f |a PZ7.A587 Gr  |t 0  |l Evans: Library Stacks